Microsoft Access 2002 : (Record no. 4357)
[ view plain ]
| 000 -LEADER | |
|---|---|
| fixed length control field | 01464cam a22003494a 4500 |
| 001 - CONTROL NUMBER | |
| control field | 12546177 |
| 003 - CONTROL NUMBER IDENTIFIER | |
| control field | GZU |
| 005 - DATE AND TIME OF LATEST TRANSACTION | |
| control field | 20210315152514.0 |
| 008 - FIXED-LENGTH DATA ELEMENTS--GENERAL INFORMATION | |
| fixed length control field | 010926s2002 maua 001 0 eng |
| 010 ## - LIBRARY OF CONGRESS CONTROL NUMBER | |
| LC control number | 2001052132 |
| 020 ## - INTERNATIONAL STANDARD BOOK NUMBER | |
| International Standard Book Number | 0072470291 (pbkb. : alk. paper) |
| 040 ## - CATALOGING SOURCE | |
| Original cataloging agency | DLC |
| Transcribing agency | DLC |
| Modifying agency | DLC |
| 042 ## - AUTHENTICATION CODE | |
| Authentication code | pcc |
| 050 00 - LIBRARY OF CONGRESS CALL NUMBER | |
| Classification number | QA76.9.D3 |
| Item number | H23 2002 |
| 082 00 - DEWEY DECIMAL CLASSIFICATION NUMBER | |
| Classification number | 005.75/65 |
| Edition number | 21 |
| 100 1# - MAIN ENTRY--PERSONAL NAME | |
| Personal name | Haag, Stephen. |
| 245 10 - TITLE STATEMENT | |
| Title | Microsoft Access 2002 : |
| Remainder of title | brief / |
| Statement of responsibility, etc. | Stephen Haag, James T. Perry, Merrill Wells. |
| 260 ## - PUBLICATION, DISTRIBUTION, ETC. | |
| Place of publication, distribution, etc. | Boston : |
| Name of publisher, distributor, etc. | McGraw-Hill/Irwin, |
| Date of publication, distribution, etc. | c2002. |
| 300 ## - PHYSICAL DESCRIPTION | |
| Extent | 1 v. (various pagings) : |
| Other physical details | col. ill. ; |
| Dimensions | 28 cm. |
| 440 #4 - SERIES STATEMENT/ADDED ENTRY--TITLE | |
| Title | The I-series |
| 500 ## - GENERAL NOTE | |
| General note | Includes index. |
| 630 00 - SUBJECT ADDED ENTRY--UNIFORM TITLE | |
| Uniform title | Microsoft Access. |
| 650 #0 - SUBJECT ADDED ENTRY--TOPICAL TERM | |
| Topical term or geographic name entry element | Database management. |
| 700 1# - ADDED ENTRY--PERSONAL NAME | |
| Personal name | Perry, James T. |
| 700 1# - ADDED ENTRY--PERSONAL NAME | |
| Personal name | Wells, Merrill. |
| 856 41 - ELECTRONIC LOCATION AND ACCESS | |
| Materials specified | Table of contents |
| Uniform Resource Identifier | <a href="http://www.loc.gov/catdir/toc/mh031/2001052132.html">http://www.loc.gov/catdir/toc/mh031/2001052132.html</a> |
| 856 42 - ELECTRONIC LOCATION AND ACCESS | |
| Materials specified | Publisher description |
| Uniform Resource Identifier | <a href="http://www.loc.gov/catdir/description/mh021/2001052132.html">http://www.loc.gov/catdir/description/mh021/2001052132.html</a> |
| 856 42 - ELECTRONIC LOCATION AND ACCESS | |
| Materials specified | Contributor biographical information |
| Uniform Resource Identifier | <a href="http://www.loc.gov/catdir/enhancements/fy0737/2001052132-b.html">http://www.loc.gov/catdir/enhancements/fy0737/2001052132-b.html</a> |
| 906 ## - LOCAL DATA ELEMENT F, LDF (RLIN) | |
| a | 7 |
| b | cbc |
| c | orignew |
| d | 1 |
| e | ocip |
| f | 20 |
| g | y-gencatlg |
| 942 ## - ADDED ENTRY ELEMENTS (KOHA) | |
| Source of classification or shelving scheme | Library of Congress Classification |
| Koha item type | Books |
| Classification part | 76.9.D3H23 |
| Item part | QA |
| Withdrawn status | Lost status | Damaged status | Not for loan | Collection code | Home library | Current library | Shelving location | Date acquired | Inventory number | Total Checkouts | Full call number | Barcode | Date last seen | Price effective from | Koha item type | Copy number | Source of classification or shelving scheme |
|---|---|---|---|---|---|---|---|---|---|---|---|---|---|---|---|---|---|
| Non-fiction | City Campus Library | City Campus Library | General Stacks | 03/15/2021 | 5545 | QA 76.9D3H23 2002 | B015333 | 03/15/2021 | 03/15/2021 | Books | |||||||
| Non-fiction | City Campus Library | City Campus Library | General Stacks | 03/15/2021 | 5542 | QA 76.9D3H23 2002 | B015332 | 03/15/2021 | 03/15/2021 | Books | C.2 | ||||||
| Non-fiction | City Campus Library | City Campus Library | General Stacks | 03/15/2021 | 5529 | QA 76.9D3H23 2002 | B015338 | 03/15/2021 | 03/15/2021 | Books | C.3 | ||||||
| Non-fiction | Mashava Campus Library | Mashava Campus Library | General Stacks | 03/15/2021 | 5551 | QA 76.9D3H23 2002 | B015335 | 03/15/2021 | 03/15/2021 | Books | C.4 | Library of Congress Classification | |||||
| Non-fiction | Mashava Campus Library | Mashava Campus Library | General Stacks | 03/15/2021 | 5558 | QA 76.9D3H23 2002 | G20091 | 03/15/2021 | 03/15/2021 | Books | C.5 | Library of Congress Classification |